Endemic Species of Korea (Registro nro. 8355)
[ vista simple ]
| 000 -CABECERA | |
|---|---|
| Campo de control | 01089nam a22002537a 4500 |
| 005 - FECHA Y HORA DE LA ULTIMA TRANSACCION | |
| Campo de control | 20180518100217.0 |
| 008 - ELEMENTOS DE LONGITUD FIJA—INFORMACION GENERAL | |
| Campo de control | 140404t2012 ko ado gr|||| 00| 0 eng d |
| 020 ## - ISBN | |
| ISBN | 9788997462476 |
| 041 ## - IDIOMA | |
| Código de idioma para texto/pista de sonido o título separado | Inglés |
| 082 ## - NUMERO DE CLASIFICACION DECIMAL DEWEY | |
| Número de clasificación | 595.7 |
| Número del ítem | SK842e |
| 110 1# - ASIENTO PRINCIPAL--NOMBRE CORPORATIVO | |
| Nombre corporativo o de jurisdicción como elemento de entrada | South Korea |
| Unidad subordinad | Ministry of Environment |
| 242 10 - TRADUCCION DEL TITULO POR LA AGENCIA CATALOGADORA | |
| Título | Especies endémicas de Korea |
| Mención de responsabilidad | Ministerio de Ambiente, Instituto Nacional de Recursos Biologicos |
| Código de idioma del título traducido | spa |
| 245 10 - MENCION DE TITULO | |
| Título | Endemic Species of Korea |
| Mención de responsabilidad | Ministry of Environment, National Institute of Biological Resources |
| 260 3# - PUBLICACION, DISTRIBUCION, ETC. (PIE DE IMPRENTA) | |
| Lugar de publicación, distribución, etc. | Seoul |
| Nombre del editor, distribuidor, etc. | National Institute of Biological Resources |
| Fecha de publicación, distribución, etc. | 2012 |
| 300 ## - DESCRIPCION FISICA | |
| Extensión | 496 p. |
| Otros detalles físicos | il., fot., tablas, gráficas |
| Dimensiones | 23 cm |
| 590 ## - NOTA LOCAL | |
| Nota local | 242 traducción por la agencia catalogadora |
| 650 #4 - ASIENTO SECUNDARIO DE MATERIA - TERMINO TEMATICO | |
| Término temático o nombre geográfico como elemento de entrada | Insectos |
| Subdivisión de forma | Estudio |
| Subdivisión general | Fauna |
| Subdivisión geográfica | Korea |
| 650 #4 - ASIENTO SECUNDARIO DE MATERIA - TERMINO TEMATICO | |
| Término temático o nombre geográfico como elemento de entrada | Anfibios |
| Subdivisión de forma | Estudio |
| Subdivisión general | Fauna |
| Subdivisión geográfica | Korea |
| 650 #4 - ASIENTO SECUNDARIO DE MATERIA - TERMINO TEMATICO | |
| Término temático o nombre geográfico como elemento de entrada | Peces |
| Subdivisión de forma | Estudio |
| Subdivisión general | Fauna |
| Subdivisión geográfica | Korea |
| 650 #4 - ASIENTO SECUNDARIO DE MATERIA - TERMINO TEMATICO | |
| Término temático o nombre geográfico como elemento de entrada | Fauna |
| Subdivisión de forma | Estudio |
| Subdivisión general | Conservación |
| Subdivisión geográfica | Korea |
| 650 #4 - ASIENTO SECUNDARIO DE MATERIA - TERMINO TEMATICO | |
| Término temático o nombre geográfico como elemento de entrada | Flora |
| Subdivisión de forma | Estudio |
| Subdivisión general | Conservación |
| Subdivisión geográfica | Korea |
| 710 2# - ASIENTO SECUNDARIO - NOMBRE CORPORATIVO | |
| Nombre corporativo o de jurisdicción como elemento de entrada | National Institute of Biological Resources |
| Lugar de la reunión | (Corea del Sur) |
| 942 ## - ELEMENTOS ADICIONALES (KOHA) | |
| Sistema de clasificación | Dewey Decimal Classification |
| Tipo de ítem | Impreso |
| Withdrawn status | Lost status | Sistema de Clasificación | Damaged status | No para préstamo | Colección | Inventariado | Ubicación Permanente | Ubicación actual | Fecha de adquisición | Fuente de Valor | Valor | Total Checkouts | Número topográfico | Inventario / Código de Barras | Date last seen | Ejemplar | Price effective from | Forma de adquisición | Tipo de material |
|---|---|---|---|---|---|---|---|---|---|---|---|---|---|---|---|---|---|---|---|
| Dewey Decimal Classification | General | Inventariado 2017 | Bogotá | Bogotá | 04/04/2014 | Instituto | 39000.00 | LB-595.7 SK842e | 034200 | 04/04/2014 | Ej. 1 | 04/04/2014 | Libro |